000 00293nam a22001337a 4500
008 170816b xxu||||| |||| 00| 0 eng d
020 _a002406680-X
041 _aeng
080 _a51
100 _a36
101 _aMAT
245 _aA FIRST COURSE IN STATISTICS
_cGORDON,M
942 _2udc
_cBK
999 _c23644
_d23644